Ley de presupuesto general del Estado 2014 : (Record no. 46217)
[ view plain ]
| 000 -CABECERA | |
|---|---|
| campo de control de longitud fija | 01108nam a2200229 a 4500 |
| 001 - NÚMERO DE CONTROL | |
| campo de control | 000046728 |
| 005 - FECHA Y HORA DE LA ÚLTIMA TRANSACCIÓN | |
| campo de control | 20201002053058.0 |
| 008 - DATOS DE LONGITUD FIJA--INFORMACIÓN GENERAL | |
| campo de control de longitud fija | 180327s2014 dr 000 0 spa d |
| 040 ## - FUENTE DE LA CATALOGACIÓN | |
| Centro catalogador/agencia de origen | DO-SdBNP |
| Lengua de catalogación | spa |
| Centro/agencia transcriptor | BNPHU |
| 082 ## - NÚMERO DE LA CLASIFICACIÓN DECIMAL DEWEY | |
| Número de clasificación | xxx |
| Número de documento/Ítem | R426le |
| 110 2# - ENTRADA PRINCIPAL--NOMBRE DE ENTIDAD CORPORATIVA | |
| Nombre de entidad corporativa o nombre de jurisdicción como elemento de entrada | República Dominicana |
| 9 (RLIN) | 447 |
| 240 #0 - TÍTULO UNIFORME | |
| Título uniforme | [Leyes, etc.] |
| 245 10 - MENCIÓN DE TÍTULO | |
| Título | Ley de presupuesto general del Estado 2014 : |
| Resto del título | no. 155-13. |
| 246 13 - FORMA VARIANTE DE TÍTULO | |
| Título propio/Titulo breve | Ley no. 155-13 |
| 260 ## - PUBLICACIÓN, DISTRIBUCIÓN, ETC. | |
| Lugar de publicación, distribución, etc. | Santo Domingo : |
| Nombre del editor, distribuidor, etc. | Ministerio de Hacienda, |
| Fecha de publicación, distribución, etc. | 2014. |
| 300 ## - DESCRIPCIÓN FÍSICA | |
| Extensión | v. ; |
| Dimensiones | 28 cm. |
| 505 0# - NOTA DE CONTENIDO CON FORMATO | |
| Nota de contenido con formato | v.1: Primera parte -- |
| Título | Ley de presupuesto general del Estado 2014 -- |
| -- | Informe explicativo y política presupuestaría 2014 -- |
| Información miscelánea | Segunda parte -- |
| Título | Anexos de la ley -- |
| Información miscelánea | Tercera parte -- |
| Título | Distribución institucional de los gastos apropiados -- |
| -- | Poder Legislativo -- |
| -- | Poder Ejecutivo -- |
| -- | Poder Judicial -- |
| -- | Organisms especiales -- |
| -- | Catergorías institucionales -- |
| 590 ## - NOTA LOCAL (RLIN) | |
| Nota local | Inventariado, 2018 /VM |
| 650 #4 - PUNTO DE ACCESO ADICIONAL DE MATERIA--TÉRMINO DE MATERIA | |
| Término de materia o nombre geográfico como elemento de entrada | Presupuesto |
| Subdivisión geográfica | República Dominicana |
| 9 (RLIN) | 7940 |
| 650 #4 - PUNTO DE ACCESO ADICIONAL DE MATERIA--TÉRMINO DE MATERIA | |
| Término de materia o nombre geográfico como elemento de entrada | Hacienda pública |
| Subdivisión geográfica | República Dominicana |
| 9 (RLIN) | 6562 |
| 651 #4 - PUNTO DE ACCESO ADICIONAL DE MATERIA--NOMBRE GEOGRÁFICO | |
| Nombre geográfico | República Dominicana |
| Subdivisión general | Gastos Presupuestarios Públicos |
| 9 (RLIN) | 36795 |
| Estado de retiro | Estado de pérdida | Restricciones de uso | No para préstamo | Código de colección | Localización permanente | Ubicación/localización actual | Ubicación en estantería | Fecha de adquisición | Número de inventario | Total de préstamos | Signatura topográfica completa | Código de barras | Fecha visto por última vez | Precio válido a partir de | Tipo de ítem Koha |
|---|---|---|---|---|---|---|---|---|---|---|---|---|---|---|---|
| Préstamo interno | Patrimonio Dominicano | General | General | Depósito | 20.03.2018 | LF1 | v. 3, e. 3 | 46728-30 | 25.06.2020 | 25.06.2020 | Libro y Folleto Colección Patrimonio Dominicano | ||||
| Excluido de préstamo | Patrimonio Dominicano | Patrimonio Dominicano | Patrimonio Dominicano | Depósito | 20.03.2018 | LF1 | v. 1 | 46728-10 | 25.06.2020 | 25.06.2020 | Libro y Folleto Colección Patrimonio Dominicano | ||||
| Excluido de préstamo | Patrimonio Dominicano | Patrimonio Dominicano | Patrimonio Dominicano | Depósito | 20.03.2018 | LF1 | v. 1, e. 2 | 46728-20 | 25.06.2020 | 25.06.2020 | Libro y Folleto Colección Patrimonio Dominicano |
